000 00557nam a2200181Ia 4500
008 090123s9999 xx 000 0 und d
082 _b3646
100 _aपटवर्ध्रन वसुंधरा
245 _aपिपाणी
250 _a1
260 _bश्रीराम प्रकाशन
_c1974
300 _a120
600 _aपटवर्ध्रन वसुंधरा
630 _aपिपाणी
700 _aपटवर्ध्रन वसुंधरा
730 _aपिपाणी
942 _cBOOK
999 _c41725
_d41725